Rezervy rastu produktivity práce

Enregistré dans:
Détails bibliographiques
Auteur principal: Nazarov, Michail Georgijevič
Format: Livre
Langue:slovaque
Publié: Bratislava Práca 1981
Tags: Ajouter un tag
Pas de tags, Soyez le premier à ajouter un tag!

MARC

LEADER 00000nam a2200000 4500
001 c125423
005 20250522125824.9
041 0 |a slo 
044 |a SK 
245 1 0 |a Rezervy rastu produktivity práce  |c Michail Georgijevič Nazarov 
264 1 |a Bratislava  |b Práca  |c 1981 
300 |a 122 s. 
100 1 |a Nazarov, Michail Georgijevič